| 000 | 00422nam a22001577a 4500 | ||
|---|---|---|---|
| 999 |
_c7924 _d7922 |
||
| 005 | 20220214161403.0 | ||
| 008 | 220214b ||||| |||| 00| 0 eng d | ||
| 020 | _a9788191019209 | ||
| 041 | _aeng | ||
| 082 | _a615.9 | ||
| 100 |
_aGUPTA, P. K _97084 |
||
| 245 | _aMODERN TOXICOLOGY : IMMUNO AND CLINICAL TOXICOLOGY [VOL-3] | ||
| 260 |
_aHYDERABAD _bPHARMA MED PRESS |
||
| 650 |
_aPHARMACY _xB.PHARMA _97083 |
||
| 942 | _cBK | ||